Fixed-income securities and derivatives handbook : (Record no. 22596)
[ view plain ]
| 000 -LEADER | |
|---|---|
| fixed length control field | 00939cam a22002775a 4500 |
| 001 - CONTROL NUMBER | |
| control field | 16723870 |
| 005 - DATE AND TIME OF LATEST TRANSACTION | |
| control field | 20201128023855.0 |
| 008 - FIXED-LENGTH DATA ELEMENTS--GENERAL INFORMATION | |
| fixed length control field | 110406t2010 njua frb 001 0 eng d |
| 020 ## - INTERNATIONAL STANDARD BOOK NUMBER | |
| International Standard Book Number | 9781576603345 |
| 040 ## - CATALOGING SOURCE | |
| Original cataloging agency | UKM |
| Transcribing agency | UKM |
| Modifying agency | BTCTA |
| -- | C#P |
| -- | YDXCP |
| -- | LML |
| -- | TOH |
| -- | HALCL |
| -- | CDX |
| -- | DLC |
| -- | EG-ScBUE |
| Language of cataloging | eng |
| 082 04 - DEWEY DECIMAL CLASSIFICATION NUMBER | |
| Classification number | 332.632044 |
| Edition number | 22 |
| Item number | CHO |
| 100 1# - MAIN ENTRY--PERSONAL NAME | |
| Personal name | Choudhry, Moorad. |
| 9 (RLIN) | 38547 |
| 245 10 - TITLE STATEMENT | |
| Title | Fixed-income securities and derivatives handbook : |
| Remainder of title | [analysis and valuation] / |
| Statement of responsibility, etc | Moorad Choudhry. |
| 250 ## - EDITION STATEMENT | |
| Edition statement | 2nd ed. |
| 260 ## - PUBLICATION, DISTRIBUTION, ETC. (IMPRINT) | |
| Place of publication, distribution, etc | Hoboken : |
| Name of publisher, distributor, etc | Bloomberg Press, |
| Date of publication, distribution, etc | c.2010. |
| 300 ## - PHYSICAL DESCRIPTION | |
| Extent | xix, 475 p. : |
| Other physical details | ill. ; |
| Dimensions | 24 cm. |
| 500 ## - GENERAL NOTE | |
| General note | Subtitle from spine. |
| 500 ## - GENERAL NOTE | |
| General note | Index : p. 465-475. |
| 504 ## - BIBLIOGRAPHY, ETC. NOTE | |
| Bibliography, etc | Bibliography : p. 451-462. |
| 650 #7 - SUBJECT ADDED ENTRY--TOPICAL TERM | |
| Topical term or geographic name as entry element | Fixed-income securities. |
| Source of heading or term | BUEsh |
| 9 (RLIN) | 40053 |
| 650 #7 - SUBJECT ADDED ENTRY--TOPICAL TERM | |
| Topical term or geographic name as entry element | Derivative securities. |
| Source of heading or term | BUEsh |
| 9 (RLIN) | 3234 |
| 650 #7 - SUBJECT ADDED ENTRY--TOPICAL TERM | |
| Topical term or geographic name as entry element | Investment analysis. |
| Source of heading or term | BUEsh |
| 9 (RLIN) | 1288 |
| 651 ## - SUBJECT ADDED ENTRY--GEOGRAPHIC NAME | |
| Source of heading or term | BUEsh |
| 653 ## - INDEX TERM--UNCONTROLLED | |
| Resource For college | BAEPS, Business Administration |
| Arrived date list | October2016 |
| 942 ## - ADDED ENTRY ELEMENTS (KOHA) | |
| Source of classification or shelving scheme | Dewey Decimal Classification |
| Withdrawn status | Item status | Source of classification or shelving scheme | Damaged status | Not for loan | Vendor | Home library | Current library | Shelving location | Date acquired | Source of acquisition | Cost, normal purchase price | Serial Enumeration / chronology | Total Checkouts | Full call number | Barcode | Date last seen | Cost, replacement price | Koha item type |
|---|---|---|---|---|---|---|---|---|---|---|---|---|---|---|---|---|---|---|
| Dewey Decimal Classification | Academic Bookshop | Central Library | Central Library | First floor | 16/10/2016 | Purchase | 492.00 | 9154 | 332.632044 CHO | 000034096 | 15/07/2025 | 615.00 | Book - Borrowing |